Statystyki dla Minecraft Quiz #1 - Rudy

Kliknij tutaj aby rozwiązać quiz!

Ogólne statystyki

  • Ten quiz został rozwiązany 356 razy
  • Średni wynik to 7 z 10

Statystyki odpowiedzi

Rudy% Poprawnych
Diament
97%
Żelazo
96%
Złoto
96%
Węgiel
90%
Redstone
86%
Szmaragd
78%
Kwarc
70%
Lapis Lazuli
52%
Netheryt
33%
Netherowe Złoto
25%

Rozkład punktacji

Percentyl według liczby udzielonych odpowiedzi

Procent ludzi z każdym wynikiem

Twoja historia wyników

Nie rozwiązałeś tego quizu